[Event "LX C.to Italiano"]
[Site "Saint Vincent ITA"]
[Date "2000.10.09"]
[Round "1"]
[White "Belotti, Bruno"]
[Black "Bellini, Fabio"]
[Result "1/2-1/2"]
[WhiteElo "2417"]
[BlackElo "2484"]
[PlyCount "20"]
[EventDate "2000.10.09"]

1. e4 c6 2. d4 d5 3. exd5 cxd5 4. Bd3 Nc6 5. c3 Nf6 6. Bf4 Bg4 7. Qb3 Qc8 8.
Nd2 e6 9. Ngf3 Be7 10. O-O Bh5 1/2-1/2

[Event "LX C.to Italiano"]
[Site "Saint Vincent ITA"]
[Date "2000.10.09"]
[Round "1"]
[White "Efimov, Igor"]
[Black "Arlandi, Ennio"]
[Result "1/2-1/2"]
[WhiteElo "2520"]
[BlackElo "2421"]
[PlyCount "76"]
[EventDate "2000.10.09"]

1. d4 Nf6 2. c4 e6 3. Nc3 Bb4 4. Nf3 d5 5. Bg5 Nbd7 6. e3 c5 7. cxd5 exd5 8.
Bd3 Qa5 9. Qc2 c4 10. Bf5 O-O 11. O-O g6 12. Bxd7 Nxd7 13. Nd2 Nb6 14. f3 f6
15. Bh4 Bd7 16. Rae1 Na4 17. Ndb1 Nxc3 18. bxc3 Bd6 19. e4 Rae8 20. Nd2 Kg7 21.
Bg3 Bxg3 22. hxg3 Re6 23. exd5 Qxd5 24. Rxe6 Qxe6 25. Qe4 b5 26. Qxe6 Bxe6 27.
Rb1 Rb8 28. a4 b4 29. cxb4 c3 30. Ne4 c2 31. Rc1 Rxb4 32. Rxc2 Rxd4 33. Rc6 Bf5
34. Nxf6 Rxa4 35. g4 Bb1 36. g5 h5 37. Rc7+ Kf8 38. Rd7 Bf5 1/2-1/2

[Event "LX C.to Italiano"]
[Site "Saint Vincent ITA"]
[Date "2000.10.09"]
[Round "1"]
[White "Lanzani, Mario"]
[Black "Castaldo, Folco"]
[Result "0-1"]
[WhiteElo "2419"]
[BlackElo "2227"]
[PlyCount "54"]
[EventDate "2000.10.09"]

1. e4 e6 2. d4 d5 3. Nc3 Nf6 4. Bg5 dxe4 5. Nxe4 Be7 6. Bxf6 Bxf6 7. Nf3 O-O 8.
Bc4 Nd7 9. O-O c6 10. Nxf6+ Nxf6 11. Qe2 b6 12. Rad1 Bb7 13. Ne5 Qc7 14. f4 c5
15. f5 cxd4 16. fxe6 fxe6 17. Rxd4 Nd5 18. Rxf8+ Rxf8 19. Ng6 Rf6 20. Bxd5 Bxd5
21. Rxd5 hxg6 22. Rd4 Qc5 23. Qc4 Qg5 24. h3 Qe3+ 25. Kh2 Qe5+ 26. Kg1 Qe1+ 27.
Kh2 Rf1 0-1

[Event "LX C.to Italiano"]
[Site "Saint Vincent ITA"]
[Date "2000.10.09"]
[Round "1"]
[White "Sarno, Spartaco"]
[Black "Martorelli, Antonio"]
[Result "1/2-1/2"]
[WhiteElo "2398"]
[BlackElo "2272"]
[PlyCount "20"]
[EventDate "2000.10.09"]

1. c4 Nf6 2. Nf3 g6 3. g3 Bg7 4. Bg2 O-O 5. O-O d6 6. Nc3 Nc6 7. Rb1 Nh5 8. d3
f5 9. Bd2 f4 10. b4 Bg4 1/2-1/2

[Event "LX C.to Italiano"]
[Site "Saint Vincent ITA"]
[Date "2000.10.10"]
[Round "2"]
[White "Arlandi, Ennio"]
[Black "Belotti, Bruno"]
[Result "1-0"]
[WhiteElo "2421"]
[BlackElo "2417"]
[PlyCount "69"]
[EventDate "2000.10.09"]

1. d4 Nf6 2. c4 e6 3. Nc3 Bb4 4. Qc2 O-O 5. a3 Bxc3+ 6. Qxc3 b6 7. Bg5 d6 8.
Nf3 Nbd7 9. e3 c5 10. dxc5 Nxc5 11. Nd2 Bb7 12. b4 Ncd7 13. f3 d5 14. Qb2 Qc7
15. Be2 h6 16. Bf4 e5 17. Bg3 Nh5 18. cxd5 Nxg3 19. hxg3 Bxd5 20. Rc1 Qb7 21.
Nc4 Rac8 22. Kf2 Qb8 23. Rhd1 Be6 24. Nd6 Rxc1 25. Qxc1 Rd8 26. Qc3 f6 27. g4
Nf8 28. Nf5 Rxd1 29. Bxd1 Qd8 30. Bb3 Kh7 31. Bxe6 Nxe6 32. Qc6 Qd2+ 33. Kg3
Qa2 34. Qd7 a5 35. Qf7 1-0

[Event "LX C.to Italiano"]
[Site "Saint Vincent ITA"]
[Date "2000.10.10"]
[Round "2"]
[White "Martorelli, Antonio"]
[Black "Bellini, Fabio"]
[Result "1-0"]
[WhiteElo "2272"]
[BlackElo "2484"]
[PlyCount "107"]
[EventDate "2000.10.09"]

1. e4 Nf6 2. e5 Nd5 3. c4 Nb6 4. c5 Nd5 5. Nc3 e6 6. d4 Nxc3 7. bxc3 d6 8. cxd6
cxd6 9. Nf3 Qc7 10. Bd2 Nd7 11. Bd3 dxe5 12. O-O Bd6 13. Re1 exd4 14. cxd4 Nf6
15. Rc1 Qd8 16. Ne5 Bd7 17. Qf3 Bxe5 18. dxe5 Nd5 19. Qg3 Kf8 20. Be4 Bc6 21.
Rcd1 a5 22. Bc1 h6 23. h4 Qe8 24. Ba3+ Nb4 25. Qc3 Bxe4 26. Rxe4 g6 27. Red4
Kg7 28. Bxb4 axb4 29. Qf3 Rf8 30. Rd7 b3 31. Qxb3 Ra5 32. Qf3 Kg8 33. Qf6 Rd5
34. R1xd5 exd5 35. Re7 Qb5 36. e6 Qb1+ 37. Kh2 Qf5 38. exf7+ Kh7 39. Qxf5 gxf5
40. Rxb7 Kg7 41. Rd7 d4 42. a4 Ra8 43. Rxd4 Kxf7 44. Kg3 Kg6 45. Kf4 Kh5 46.
Ke5 Re8+ 47. Kf6 Rf8+ 48. Ke7 Rb8 49. g3 Rb2 50. Rf4 Kg6 51. Kd6 h5 52. Kc5 Ra2
53. f3 Rc2+ 54. Kb5 1-0

[Event "LX C.to Italiano"]
[Site "Saint Vincent ITA"]
[Date "2000.10.10"]
[Round "2"]
[White "Sarno, Spartaco"]
[Black "Lanzani, Mario"]
[Result "1/2-1/2"]
[WhiteElo "2398"]
[BlackElo "2419"]
[PlyCount "66"]
[EventDate "2000.10.09"]

1. Nf3 Nf6 2. g3 b6 3. Bg2 Bb7 4. c4 e6 5. O-O Be7 6. b3 O-O 7. Bb2 d5 8. cxd5
exd5 9. d4 Na6 10. Nc3 c5 11. Rc1 Nc7 12. dxc5 bxc5 13. Na4 Ne4 14. Nd2 Ne6 15.
Nxe4 dxe4 16. Qc2 Nd4 17. Bxd4 Qxd4 18. Rfd1 Qe5 19. Nxc5 Rfc8 20. b4 a5 21. a3
axb4 22. axb4 Bxc5 23. bxc5 h5 24. Qc3 Qxc3 25. Rxc3 Rc7 26. Bh3 Bc6 27. f3 Ra2
28. Bf5 g6 29. Bxe4 Bxe4 30. fxe4 Rxe2 31. c6 Kg7 32. Rd4 Ra7 33. Rd1 Raa2
1/2-1/2

[Event "LX C.to Italiano"]
[Site "Saint Vincent ITA"]
[Date "2000.10.10"]
[Round "2"]
[White "Vezzosi, Paolo"]
[Black "Efimov, Igor"]
[Result "0-1"]
[WhiteElo "2412"]
[BlackElo "2520"]
[PlyCount "46"]
[EventDate "2000.10.09"]

1. e4 c5 2. Nc3 a6 3. g3 b5 4. Bg2 Bb7 5. Nge2 e6 6. O-O b4 7. Na4 Nf6 8. d3 d6
9. a3 a5 10. c3 Nc6 11. Bg5 Be7 12. f4 O-O 13. Bf3 Rb8 14. Qd2 Ba8 15. d4 cxd4
16. cxd4 Qd7 17. Rfd1 Nxd4 18. Nxd4 Qxa4 19. axb4 Qxb4 20. Rxa5 Qxb2 21. Qxb2
Rxb2 22. Nb5 Bd8 23. Rxa8 Bb6+ 0-1

[Event "LX C.to Italiano"]
[Site "Saint Vincent ITA"]
[Date "2000.10.11"]
[Round "3"]
[White "Bellini, Fabio"]
[Black "Arlandi, Ennio"]
[Result "1-0"]
[WhiteElo "2484"]
[BlackElo "2421"]
[PlyCount "62"]
[EventDate "2000.10.09"]

1. e4 c5 2. Nf3 e6 3. g3 Nc6 4. Bg2 Nf6 5. Qe2 d5 6. d3 Be7 7. O-O b6 8. e5 Nd7
9. c4 d4 10. Nfd2 Bb7 11. f4 Qc7 12. Ne4 h6 13. Na3 a6 14. Nc2 b5 15. Bd2 b4
16. a3 a5 17. axb4 cxb4 18. f5 exf5 19. Nd6+ Kf8 20. Nxb7 Qxb7 21. Rxf5 g6 22.
Rf2 Kg7 23. Raf1 Raf8 24. Qe4 Ndxe5 25. Nxd4 Bc5 26. Be3 Qb6 27. Nxc6 Bxe3 28.
Qxe5+ f6 29. Qe6 h5 30. d4 Bxf2+ 31. Rxf2 a4 1-0

[Event "LX C.to Italiano"]
[Site "Saint Vincent ITA"]
[Date "2000.10.11"]
[Round "3"]
[White "Belotti, Bruno"]
[Black "Vezzosi, Paolo"]
[Result "1/2-1/2"]
[WhiteElo "2417"]
[BlackElo "2412"]
[PlyCount "83"]
[EventDate "2000.10.09"]

1. Nf3 d5 2. d4 Bf5 3. c4 dxc4 4. Nc3 Nf6 5. Ne5 Nbd7 6. Nxc4 e6 7. f3 Be7 8.
e4 Bg6 9. Be3 a6 10. Be2 O-O 11. O-O c5 12. dxc5 Bxc5 13. Bxc5 Nxc5 14. Qd6
Qxd6 15. Nxd6 Ne8 16. Rad1 Nxd6 17. Rxd6 a5 18. Rfd1 f6 19. Bc4 Bf7 20. e5 Rfc8
21. Re1 Rc6 22. Rxc6 bxc6 23. f4 Kf8 24. exf6 gxf6 25. Ne4 Nxe4 26. Rxe4 Rb8
27. b3 Rd8 28. Bxe6 Rd1+ 29. Kf2 Rd2+ 30. Kf3 Rxa2 31. Bxf7 Kxf7 32. Rc4 h5 33.
Rxc6 Ra3 34. Ke4 Rxb3 35. Rc5 Kg6 36. Rxa5 h4 37. Ra2 Rc3 38. g4 hxg3 39. Rg2
Rc4+ 40. Ke3 Kf5 41. hxg3 Kg4 42. Rg1 1/2-1/2

[Event "LX C.to Italiano"]
[Site "Saint Vincent ITA"]
[Date "2000.10.11"]
[Round "3"]
[White "Efimov, Igor"]
[Black "Castaldo, Folco"]
[Result "1-0"]
[WhiteElo "2520"]
[BlackElo "2227"]
[PlyCount "63"]
[EventDate "2000.10.09"]

1. d4 e6 2. Nf3 Nf6 3. c4 b6 4. Nc3 Bb4 5. Bg5 Bb7 6. Nd2 h6 7. Bh4 O-O 8. e3
d5 9. Be2 Nbd7 10. O-O Be7 11. Bf3 Rc8 12. Bg3 a6 13. e4 dxe4 14. Ndxe4 Nxe4
15. Nxe4 f5 16. Nc3 Bxf3 17. Qxf3 f4 18. Bxf4 g5 19. Qe4 Rxf4 20. Qg6+ Kh8 21.
Qxh6+ Kg8 22. Qxe6+ Rf7 23. Nd5 Kg7 24. Ne3 Nf6 25. Nf5+ Kg6 26. h4 gxh4 27.
Rae1 Bd6 28. Nxh4+ Kg7 29. c5 bxc5 30. dxc5 Qh8 31. Nf5+ Kg6 32. cxd6 1-0

[Event "LX C.to Italiano"]
[Site "Saint Vincent ITA"]
[Date "2000.10.11"]
[Round "3"]
[White "Lanzani, Mario"]
[Black "Martorelli, Antonio"]
[Result "1-0"]
[WhiteElo "2419"]
[BlackElo "2272"]
[PlyCount "79"]
[EventDate "2000.10.09"]

1. e4 c5 2. Nf3 e6 3. c3 Nf6 4. e5 Nd5 5. d4 cxd4 6. cxd4 d6 7. Bc4 Be7 8. O-O
O-O 9. Qe2 b6 10. Qe4 dxe5 11. dxe5 Ba6 12. Na3 Bxc4 13. Nxc4 Nd7 14. Qg4 Kh8
15. Bg5 Rc8 16. Bxe7 Qxe7 17. Rac1 Rc5 18. Ncd2 Rfc8 19. Rxc5 Rxc5 20. Qa4 Ra5
21. Qc4 Rc5 22. Qa4 Rc7 23. a3 h6 24. b4 Nf4 25. Ne4 Kh7 26. Qb3 Kg8 27. Qe3
Ng6 28. Qd4 b5 29. Nd6 a6 30. h4 Rc6 31. Rd1 Nb6 32. h5 Nf8 33. Qe4 Nd5 34. Kh2
Nd7 35. Nf5 Qd8 36. Rxd5 exd5 37. Qxd5 Re6 38. N5d4 Re8 39. e6 fxe6 40. Nxe6
1-0

[Event "LX C.to Italiano"]
[Site "Saint Vincent ITA"]
[Date "2000.10.12"]
[Round "4"]
[White "Castaldo, Folco"]
[Black "Belotti, Bruno"]
[Result "1/2-1/2"]
[WhiteElo "2227"]
[BlackElo "2417"]
[PlyCount "61"]
[EventDate "2000.10.09"]

1. e4 c5 2. c3 d5 3. exd5 Qxd5 4. d4 Nf6 5. Nf3 Nc6 6. dxc5 Qxc5 7. Na3 e5 8.
Nc4 Qe7 9. Bg5 Bg4 10. Ne3 Rd8 11. Qa4 Bxf3 12. gxf3 h6 13. Bh4 g5 14. Bg3 Nd5
15. Bb5 Qf6 16. Qxa7 Nxe3 17. Qxe3 Bg7 18. h4 Ke7 19. hxg5 hxg5 20. Rxh8 Bxh8
21. Ke2 Bg7 22. Rd1 Rxd1 23. Kxd1 Qd6+ 24. Kc2 f6 25. Qe4 Kd8 26. Qh7 Qd7 27.
Bd3 Bf8 28. Qg8 Qd6 29. Qf7 Be7 30. Qc4 Qc5 31. Qg8+ 1/2-1/2

[Event "LX C.to Italiano"]
[Site "Saint Vincent ITA"]
[Date "2000.10.12"]
[Round "4"]
[White "Martorelli, Antonio"]
[Black "Arlandi, Ennio"]
[Result "0-1"]
[WhiteElo "2272"]
[BlackElo "2421"]
[PlyCount "68"]
[EventDate "2000.10.09"]

1. e4 c5 2. Nf3 e6 3. d4 cxd4 4. Nxd4 Nf6 5. Nc3 d6 6. g4 h6 7. h4 Be7 8. Qf3
Nc6 9. Bb5 Bd7 10. Bxc6 bxc6 11. e5 dxe5 12. Nxc6 Bxc6 13. Qxc6+ Kf8 14. g5 Rc8
15. Qg2 hxg5 16. hxg5 Rxh1+ 17. Qxh1 Ng8 18. Qb7 g6 19. Be3 Rb8 20. Qxa7 Rxb2
21. Rc1 Kg7 22. Nd1 Rb4 23. c4 Bxg5 24. Qc5 Ra4 25. Qxe5+ Bf6 26. Qb5 Rxa2 27.
Qb3 Qa8 28. Rc2 Ra3 29. Qb5 Ne7 30. c5 Qh1+ 31. Kd2 Nc6 32. Nc3 Ra1 33. Qe2 Nb4
34. Nd1 Nxc2 0-1

[Event "LX C.to Italiano"]
[Site "Saint Vincent ITA"]
[Date "2000.10.12"]
[Round "4"]
[White "Sarno, Spartaco"]
[Black "Efimov, Igor"]
[Result "1/2-1/2"]
[WhiteElo "2398"]
[BlackElo "2520"]
[PlyCount "27"]
[EventDate "2000.10.09"]

1. Nf3 f5 2. g3 Nf6 3. Bg2 g6 4. O-O Bg7 5. c4 O-O 6. Nc3 d6 7. d3 Nc6 8. Rb1
a5 9. a3 e5 10. b4 axb4 11. axb4 h6 12. b5 Ne7 13. Qb3 Be6 14. Ba3 1/2-1/2

[Event "LX C.to Italiano"]
[Site "Saint Vincent ITA"]
[Date "2000.10.12"]
[Round "4"]
[White "Vezzosi, Paolo"]
[Black "Bellini, Fabio"]
[Result "0-1"]
[WhiteElo "2412"]
[BlackElo "2484"]
[PlyCount "170"]
[EventDate "2000.10.09"]

1. d4 d5 2. c4 e6 3. Nc3 a6 4. Nf3 dxc4 5. e3 c5 6. Bxc4 b5 7. Be2 Bb7 8. O-O
Nf6 9. dxc5 Bxc5 10. Qxd8+ Kxd8 11. Ne5 Ke7 12. Nd3 Bd6 13. f3 Nbd7 14. e4 Rac8
15. Be3 Rhd8 16. Rfc1 Ne5 17. Nxe5 Bxe5 18. Nd1 Nd7 19. Kf2 f5 20. Bg5+ Nf6 21.
exf5 exf5 22. Rxc8 Rxc8 23. Bd3 h6 24. Bd2 Ke6 25. a4 Nd5 26. axb5 axb5 27. Ra5
Bc7 28. Ra1 Bxh2 29. Ra7 Rc7 30. Ne3 Nxe3 31. Bxe3 Bc6 32. Ra6 Bd6 33. Rb6 b4
34. Ke2 g5 35. g4 fxg4 36. fxg4 Kd5 37. b3 Bc5 38. Be4+ Kd6 39. Rxc6+ Rxc6 40.
Bxc6 Kxc6 41. Bd2 Kd5 42. Kd3 Bd6 43. Be1 Ke5 44. Bg3+ Ke6 45. Bf2 Kf6 46. Ke4
Kg6 47. Kd5 Bf8 48. Ke6 Bg7 49. Be1 Bc3 50. Bf2 Bd2 51. Bg3 Be3 52. Ke5 Bc5 53.
Ke4 h5 54. gxh5+ Kxh5 55. Kf5 Be7 56. Be1 g4 57. Ke6 Bc5 58. Kf5 Bb6 59. Bg3
Ba7 60. Be1 Bb8 61. Bxb4 g3 62. Be1 g2 63. Bf2 Bg3 64. Bg1 Be1 65. Kf4 Kh4 66.
Kf3 Kh3 67. Ke2 Bb4 68. Kf3 Bd6 69. Ke4 Kg3 70. Bd4 Bb4 71. Bg1 Ba5 72. Be3 Be1
73. Bf4+ Kh3 74. Be3 Kh2 75. Kf3 Bb4 76. Ke4 Kh1 77. Kd5 Bd2 78. Bd4 Kh2 79.
Ke4 Kg3 80. Kd3 Be1 81. Ke2 Ba5 82. Bf2+ Kh2 83. Be3 Bb4 84. Bf2 Bd6 85. Be3
Kh1 0-1

[Event "LX C.to Italiano"]
[Site "Saint Vincent ITA"]
[Date "2000.10.13"]
[Round "5"]
[White "Arlandi, Ennio"]
[Black "Vezzosi, Paolo"]
[Result "1-0"]
[WhiteElo "2421"]
[BlackElo "2412"]
[PlyCount "103"]
[EventDate "2000.10.09"]

1. d4 d6 2. Nf3 g6 3. c4 Bg7 4. Nc3 Nd7 5. e4 e5 6. g3 Ne7 7. Bg2 O-O 8. O-O c5
9. d5 Nb6 10. Qb3 h6 11. Ne1 f5 12. Nd3 g5 13. exf5 Bxf5 14. Ne4 Ng6 15. Bd2
Rf7 16. Ba5 Bf8 17. f3 Be7 18. Ndf2 Qc8 19. Bxb6 axb6 20. Qxb6 Ra6 21. Qb3 Rg7
22. Qc3 Bd8 23. a3 Rc7 24. Rfc1 Qd7 25. Bf1 b6 26. b4 Rca7 27. Rcb1 Kg7 28.
bxc5 bxc5 29. Rb3 Rb7 30. Rab1 Rab6 31. Rxb6 Rxb6 32. Rxb6 Bxb6 33. Bd3 Ne7 34.
Kg2 Qc7 35. Nd1 Ba5 36. Qc2 Bc8 37. Ne3 Bd7 38. Qb3 Nc8 39. Bc2 Ne7 40. Nf2 Be8
41. Nf5+ Nxf5 42. Bxf5 Kf8 43. Bb1 Qb6 44. Qc2 Qb7 45. Ng4 Bc3 46. Qf5+ Qf7 47.
Nxh6 Qxf5 48. Nxf5 Bg6 49. Be4 Bxf5 50. Bxf5 Kg7 51. Kh3 Kf6 52. Be4 1-0

[Event "LX C.to Italiano"]
[Site "Saint Vincent ITA"]
[Date "2000.10.13"]
[Round "5"]
[White "Bellini, Fabio"]
[Black "Castaldo, Folco"]
[Result "0-1"]
[WhiteElo "2484"]
[BlackElo "2227"]
[PlyCount "118"]
[EventDate "2000.10.09"]

1. d4 e6 2. e4 d5 3. Nc3 Nf6 4. Bg5 dxe4 5. Nxe4 Nbd7 6. Nxf6+ Nxf6 7. Nf3 Be7
8. Bd3 O-O 9. Qe2 c5 10. O-O-O cxd4 11. h4 Qd5 12. Bc4 Qc5 13. Rxd4 b6 14. Rhd1
Bb7 15. Ne5 Bxg2 16. Nxf7 Bd5 17. Bxf6 Bxf6 18. Rxd5 exd5 19. Rxd5 Qc7 20. Rd7
Qf4+ 21. Kb1 Rxf7 22. Rxf7 Kh8 23. Rxa7 Rd8 24. Rd7 Rc8 25. Ba6 Ra8 26. Bb7 Rf8
27. Rf7 Rd8 28. Qd3 Qb4 29. c3 Rxd3 30. cxb4 Kg8 31. Rxf6 gxf6 32. a4 Rd4 33.
b3 Kf8 34. a5 Rxb4 35. a6 Rxb3+ 36. Kc2 Ra3 37. h5 h6 38. Kb2 Ra5 39. Kc3 Ke7
40. Kd4 Kd6 41. Ke4 f5+ 42. Kf4 Ke6 43. Ke3 Ra3+ 44. Kd4 Ra4+ 45. Ke3 Kd6 46.
f3 f4+ 47. Kd3 Ke5 48. Kc3 Kf6 49. Kb3 Ra5 50. Kc4 Kg5 51. Kd4 Kxh5 52. Ke4 Kg5
53. Bc8 h5 54. Bb7 h4 55. Bc8 h3 56. Bxh3 Rxa6 57. Bd7 Ra3 58. Bc6 Re3+ 59. Kd4
Kh4 0-1

[Event "LX C.to Italiano"]
[Site "Saint Vincent ITA"]
[Date "2000.10.13"]
[Round "5"]
[White "Belotti, Bruno"]
[Black "Sarno, Spartaco"]
[Result "1/2-1/2"]
[WhiteElo "2417"]
[BlackElo "2398"]
[PlyCount "24"]
[EventDate "2000.10.09"]

1. e4 d5 2. d4 Nf6 3. Nc3 g6 4. g3 Bg7 5. Bg2 O-O 6. Nge2 e5 7. h3 Nc6 8. Be3
Bd7 9. O-O exd4 10. Nxd4 Re8 11. Re1 a6 12. a4 Nb4 1/2-1/2

[Event "LX C.to Italiano"]
[Site "Saint Vincent ITA"]
[Date "2000.10.13"]
[Round "5"]
[White "Efimov, Igor"]
[Black "Lanzani, Mario"]
[Result "1/2-1/2"]
[WhiteElo "2520"]
[BlackElo "2419"]
[PlyCount "37"]
[EventDate "2000.10.09"]

1. d4 d5 2. c4 c6 3. Nf3 e6 4. Qc2 Bd6 5. Bg5 Qa5+ 6. Nbd2 h6 7. Bh4 dxc4 8.
Qxc4 Nf6 9. Bxf6 gxf6 10. g3 O-O 11. Bg2 b6 12. Rc1 Ba6 13. Qb3 Nd7 14. O-O
Bxe2 15. Rfe1 Bxf3 16. Nxf3 Qb5 17. Qc2 Rac8 18. Rxe6 fxe6 19. Qg6+ 1/2-1/2

[Event "LX C.to Italiano"]
[Site "Saint Vincent ITA"]
[Date "2000.10.14"]
[Round "6"]
[White "Castaldo, Folco"]
[Black "Arlandi, Ennio"]
[Result "0-1"]
[WhiteElo "2227"]
[BlackElo "2421"]
[PlyCount "80"]
[EventDate "2000.10.09"]

1. e4 c5 2. Nf3 e6 3. c3 Nf6 4. e5 Nd5 5. d4 cxd4 6. cxd4 b6 7. Bd3 Bb7 8. Nc3
Nxc3 9. bxc3 Qc7 10. Bd2 d6 11. O-O Nd7 12. Ng5 dxe5 13. Qh5 g6 14. Qh3 Be7 15.
Rae1 Rf8 16. f4 exd4 17. cxd4 Qd6 18. Rc1 Qxd4+ 19. Kh1 Rc8 20. Rxc8+ Bxc8 21.
Rc1 Nc5 22. Bb5+ Bd7 23. Be3 Qd5 24. Bxc5 bxc5 25. Bxd7+ Qxd7 26. Qb3 Bxg5 27.
Rd1 Qc7 28. fxg5 Ke7 29. Rf1 Rd8 30. Qe3 Rd4 31. Qh3 Qf4 32. Kg1 Qxg5 33. Qxh7
Qe3+ 34. Kh1 Qf2 35. Rb1 Rb4 36. Rd1 Re4 37. h3 Rh4 38. Qg8 Rxh3+ 39. gxh3 Qf3+
40. Kh2 Qxd1 0-1

[Event "LX C.to Italiano"]
[Site "Saint Vincent ITA"]
[Date "2000.10.14"]
[Round "6"]
[White "Lanzani, Mario"]
[Black "Belotti, Bruno"]
[Result "0-1"]
[WhiteElo "2419"]
[BlackElo "2417"]
[PlyCount "88"]
[EventDate "2000.10.09"]

1. e4 c5 2. Nf3 d6 3. d4 Nf6 4. dxc5 Qa5+ 5. c3 Qxc5 6. Bd3 Bg4 7. h3 Bh5 8.
Be3 Qa5 9. Qb3 Qc7 10. Na3 Bxf3 11. gxf3 Nbd7 12. O-O-O a6 13. f4 b5 14. e5
dxe5 15. Nxb5 axb5 16. Bxb5 Rb8 17. Rxd7 Nxd7 18. Rd1 Rxb5 19. Qxb5 exf4 20.
Bb6 Qb7 21. a4 h5 22. c4 Rh6 23. c5 Rc6 24. Kb1 e5 25. b4 e4 26. a5 Rc8 27. a6
Qc6 28. Qxc6 Rxc6 29. a7 Rc8 30. Kb2 Ra8 31. Kb3 Be7 32. Kc4 f5 33. Kd5 e3 34.
fxe3 fxe3 35. Kc6 f4 36. Kb7 e2 37. Rh1 Nxb6 38. cxb6 Bd8 39. Kxa8 Bxb6 40. Kb7
Bxa7 41. Kxa7 f3 42. Re1 Kf7 43. b5 f2 44. Rxe2 f1=Q 0-1

[Event "LX C.to Italiano"]
[Site "Saint Vincent ITA"]
[Date "2000.10.14"]
[Round "6"]
[White "Martorelli, Antonio"]
[Black "Vezzosi, Paolo"]
[Result "1-0"]
[WhiteElo "2272"]
[BlackElo "2412"]
[PlyCount "57"]
[EventDate "2000.10.09"]

1. e4 c6 2. d4 d5 3. e5 Bf5 4. Nc3 Qb6 5. Bd3 Bxd3 6. Qxd3 e6 7. Nge2 Ne7 8.
O-O Qa6 9. Qh3 Nd7 10. a4 Rc8 11. Bd2 c5 12. Nb5 Nc6 13. c3 cxd4 14. cxd4 Qb6
15. Nf4 a6 16. Nd6+ Bxd6 17. exd6 O-O 18. Nh5 f5 19. Rae1 Nxd4 20. Bc3 e5 21.
Qg3 Rf7 22. Rxe5 f4 23. Qg4 Nxe5 24. Qxc8+ Rf8 25. Bxd4 Qxd4 26. d7 Nf7 27. Re1
Qb4 28. Re8 g6 29. h4 1-0

[Event "LX C.to Italiano"]
[Site "Saint Vincent ITA"]
[Date "2000.10.14"]
[Round "6"]
[White "Sarno, Spartaco"]
[Black "Bellini, Fabio"]
[Result "0-1"]
[WhiteElo "2398"]
[BlackElo "2484"]
[PlyCount "64"]
[EventDate "2000.10.09"]

1. c4 e5 2. Nc3 Nc6 3. g3 f5 4. Bg2 Nf6 5. e3 d5 6. Nxd5 Nxd5 7. cxd5 Nb4 8. d3
Nxd5 9. Nf3 Bd6 10. O-O Nf6 11. Qb3 Qe7 12. Nd2 Rb8 13. Nc4 Be6 14. Nxd6+ Qxd6
15. Qa4+ Kf7 16. b3 Qxd3 17. Bb2 e4 18. Rac1 c6 19. Qxa7 Qb5 20. Bxf6 Kxf6 21.
Rfd1 Ra8 22. Qd4+ Qe5 23. Qb4 Rxa2 24. Qxb7 Qb2 25. Rf1 Rd8 26. Rxc6 Rd1 27.
Rxe6+ Kxe6 28. Qc8+ Kf6 29. Qc6+ Kg5 30. h4+ Kg4 31. f3+ Kh5 32. Qe8+ Kh6 0-1

[Event "LX C.to Italiano"]
[Site "Saint Vincent ITA"]
[Date "2000.10.15"]
[Round "7"]
[White "Arlandi, Ennio"]
[Black "Sarno, Spartaco"]
[Result "1/2-1/2"]
[WhiteElo "2421"]
[BlackElo "2398"]
[PlyCount "49"]
[EventDate "2000.10.09"]

1. d4 Nf6 2. c4 g6 3. Nc3 d5 4. cxd5 Nxd5 5. e4 Nxc3 6. bxc3 Bg7 7. Bc4 O-O 8.
Ne2 c5 9. O-O Nc6 10. Be3 Qc7 11. Rc1 Rd8 12. Qd2 a6 13. Bh6 Bh8 14. Qe3 b5 15.
Bb3 c4 16. Bc2 e6 17. Bg5 f6 18. Bh4 Re8 19. a4 Bb7 20. Bg3 Qd7 21. Rb1 Ne7 22.
f3 Bg7 23. Rb2 Bc6 24. Ra1 Nc8 25. axb5 1/2-1/2

[Event "LX C.to Italiano"]
[Site "Saint Vincent ITA"]
[Date "2000.10.15"]
[Round "7"]
[White "Bellini, Fabio"]
[Black "Lanzani, Mario"]
[Result "0-1"]
[WhiteElo "2484"]
[BlackElo "2419"]
[PlyCount "80"]
[EventDate "2000.10.09"]

1. d4 d5 2. Bg5 c5 3. dxc5 f6 4. Bh4 e5 5. e4 dxe4 6. Qxd8+ Kxd8 7. Nc3 Bxc5 8.
Nxe4 Be7 9. O-O-O+ Bd7 10. f4 exf4 11. Bc4 Nh6 12. Nf3 Nf5 13. Bf2 Kc7 14. Nc3
Bc6 15. Nd5+ Bxd5 16. Rxd5 Ne3 17. Bxe3 fxe3 18. Nd4 Nd7 19. Nf5 Nb6 20. Rd3
Nxc4 21. Nxe7 Rhe8 22. Nf5 Re5 23. g4 g6 24. Ng3 b5 25. Re1 Rae8 26. Nf1 e2 27.
Nd2 Ne3 28. Rxe2 Nxg4 29. Rxe5 Rxe5 30. Nf3 Re3 31. Kd2 Rxd3+ 32. Kxd3 Ne5+ 33.
Nxe5 fxe5 34. c4 bxc4+ 35. Kxc4 Kd6 36. b4 g5 37. b5 g4 38. a4 h5 39. a5 h4 40.
a6 Kc7 0-1

[Event "LX C.to Italiano"]
[Site "Saint Vincent ITA"]
[Date "2000.10.15"]
[Round "7"]
[White "Efimov, Igor"]
[Black "Martorelli, Antonio"]
[Result "1-0"]
[WhiteElo "2520"]
[BlackElo "2272"]
[PlyCount "83"]
[EventDate "2000.10.09"]

1. d4 Nf6 2. c4 c5 3. d5 g6 4. f3 Bg7 5. e4 d6 6. Nc3 O-O 7. Nge2 a6 8. a4 e6
9. Ng3 exd5 10. cxd5 Nbd7 11. Be2 h5 12. Bg5 Qe8 13. O-O Nh7 14. Be3 f5 15. Qd2
Ndf6 16. exf5 gxf5 17. Bd3 Qe5 18. Rae1 h4 19. Bxc5 Ne4 20. fxe4 dxc5 21. Nxf5
Bxf5 22. exf5 Qd4+ 23. Rf2 Nf6 24. Ne2 Qxa4 25. Rc1 Rae8 26. Rc4 Qa1+ 27. Rf1
Qa2 28. Nc1 Qa1 29. Nb3 Qa2 30. Nc1 Qa1 31. Rxh4 b5 32. Nb3 Qa2 33. Nxc5 Qxd5
34. Ne6 Rf7 35. Rd4 Qe5 36. Bb1 Nh5 37. Nxg7 Rxg7 38. Ba2+ Kf8 39. f6 Nxf6 40.
Qb4+ Rge7 41. Rxf6+ Qxf6 42. Rf4 1-0

[Event "LX C.to Italiano"]
[Site "Saint Vincent ITA"]
[Date "2000.10.15"]
[Round "7"]
[White "Vezzosi, Paolo"]
[Black "Castaldo, Folco"]
[Result "1/2-1/2"]
[WhiteElo "2412"]
[BlackElo "2227"]
[PlyCount "72"]
[EventDate "2000.10.09"]

1. c4 Nf6 2. Nc3 e6 3. d4 Bb4 4. Qc2 O-O 5. a3 Bxc3+ 6. Qxc3 b6 7. Bg5 Bb7 8.
Nf3 d6 9. e3 Nbd7 10. b4 Qe8 11. Nd2 Ne4 12. Nxe4 Bxe4 13. Bd3 Bxd3 14. Qxd3 f5
15. Bh4 Qh5 16. Bg3 Rae8 17. O-O g5 18. f3 Rf6 19. e4 f4 20. Be1 Rh6 21. h3 Qf7
22. Bc3 Rg6 23. e5 dxe5 24. dxe5 h5 25. Ra2 Qg7 26. Qe4 Nf8 27. Rd1 Re7 28. Rd8
g4 29. fxg4 hxg4 30. hxg4 Rxg4 31. Be1 Rf7 32. Qf3 Qg5 33. Re2 Rg7 34. Qa8 Rf7
35. Qf3 Rg7 36. Qa8 Rf7 1/2-1/2

[Event "LX C.to Italiano"]
[Site "Saint Vincent ITA"]
[Date "2000.10.16"]
[Round "8"]
[White "Lanzani, Mario"]
[Black "Arlandi, Ennio"]
[Result "1/2-1/2"]
[WhiteElo "2419"]
[BlackElo "2421"]
[PlyCount "64"]
[EventDate "2000.10.09"]

1. e4 c5 2. Nf3 e6 3. c3 d5 4. e5 d4 5. cxd4 cxd4 6. Bd3 Nc6 7. O-O Nge7 8. Qe2
Nf5 9. Na3 Nb4 10. Nc2 Nxd3 11. Qxd3 Bd7 12. Ncxd4 Bc6 13. Qc4 Nxd4 14. Nxd4
Bd5 15. Qb5+ Qd7 16. d3 Rc8 17. Be3 a6 18. Qxd7+ Kxd7 19. Nb3 Bb4 20. Rfc1
Rxc1+ 21. Rxc1 Rc8 22. Rxc8 Kxc8 23. Nc1 Kd7 24. f3 a5 25. Kf2 a4 26. a3 Be7
27. Ne2 b5 28. Bd2 Bc5+ 29. d4 Be7 30. Nf4 Bc4 31. Nh5 g6 32. Ng3 Bh4 1/2-1/2